| 000 | 00750nam a2200253Ia 4500 | ||
|---|---|---|---|
| 003 | OSt | ||
| 005 | 20220926025857.0 | ||
| 006 | a|||||r|||| 00| 0 | ||
| 007 | ta | ||
| 008 | 220923b |||||||| |||| 00| 0 eng d | ||
| 037 | _cGeneral Book | ||
| 040 |
_aRTL _cRTL _beng |
||
| 041 |
_2eng _aeng |
||
| 082 | _aX.1N6.N7, L3 | ||
| 110 |
_aOrganisation for Economic Co-operation and Development _942504 |
||
| 245 | 0 | _aOECD Economic Outlook | |
| 260 |
_aParis _bOECD _c1973 |
||
| 300 |
_a125p _ccm. |
||
| 490 | _aIts Publication, 14 | ||
| 650 | _aEconomic Condition International | ||
| 700 |
_aOrganisation for Economic Co-operation and Development _942505 |
||
| 942 |
_hX.1N6.N7, L3 _cGB _2CC |
||
| 999 |
_c648170 _d648170 |
||